000 00485pab a2200181 454500
008 180718b2014 xxu||||| |||| 00| 0 eng d
100 _aBavier, Richard
245 _aRecent trends in U.S. income and expenditure poverty
260 _c2014
300 _ap.70-718.
362 _aSummer
650 _aExpenditure - United States
650 _aIncome - United States
650 _aIncome
773 _aJournal of Policy Analysis and Management
908 _aN
909 _a105092
999 _c105087
_d105087